01345nam a2200289Ia 4500001001200000003000800012006001900020007001500039008004100054010001700095020001500112040002100127035002000148050002500168110009900193245021700292260005500509300001500564504005400579533015200633650004000785650004100825655002900866710001700895856012600912999001701038ebr10072003CaPaEBRm u cr cn|||||||||821113s1976 dcu sb 000 0 eng d z 76046196  z0309025265 aCaPaEBRcCaPaEBR a(OCoLC)5859446014aLC1045b.N376 1976eb2 aNational Research Council (U.S.).bCommittee on Vocational Education Research and Development.10aAssessing vocational education research and developmenth[electronic resource] /cCommittee on Vocational Education Research and Development, Assembly of Behavioral and Social Sciences, National Research Council. aWashington :bNational Academy of Sciences,c1976. axi, 131 p. aIncludes bibliographical references (p. 125-131). aElectronic reproduction.bPalo Alto, Calif. :cebrary,d2009.nAvailable via World Wide Web.nAccess may be limited to ebrary affiliated libraries. 0aTechnical educationzUnited States. 0aVocational educationzUnited States. 7aElectronic books.2local2 aebrary, Inc.40uhttp://site.ebrary.com/lib/rucke/Doc?id=10072003zAn electronic book accessible through the World Wide Web; click to view c33583d33583